000 00729nam a22002177a 4500
999 _c1774
_d1774
003 AR-CdUCM
008 190227b ||||| |||| 00| 0 spa d
040 _aMUNICIPALIDAD PROVINCIAL DEL CUSCO
_cBIBLIOTECA MUNICIPAL DEL CUSCO
082 _a985.61 /
_bY49
100 _aYépez Miranda, Alfredo
_94230
245 _aPáginas del ayer /
260 _aCusco :
_bs.n.,
_c1990.
300 _a83 páginas ;
_c20 cm.
500 _aEnsayos acerca de los mitos, leyendas, lugares y personajes del Cusco.
650 _aInca Garcilaso
_96516
650 _aFilosofía Inca
_96517
650 _aSeñor de los Temblores
_96518
700 _aFlores Ochoa, Jorge A. (Presentación)
_96519
942 _2ddc
_cLIBROS
945 _araen
_d2019-02-27